| 000 | 00863nam a2200229Ia 4500 | ||
|---|---|---|---|
| 003 | OSt | ||
| 005 | 20251216153354.0 | ||
| 008 | 221004b |||||||| |||| 00| 0 hin d | ||
| 020 | _a9789383513659 (hbk) | ||
| 037 | _cTB | ||
| 040 |
_aCRL _cCRL _bhin |
||
| 041 |
_2hin _ahin |
||
| 084 |
_a40aA 152Q5 _qCRL |
||
| 100 |
_aसिंह, सतवीर, ले. _9857101 |
||
| 245 | 0 | _aहिन्दी में विज्ञान की पत्रकारिता | |
| 246 | _aHindī mean vijnyān kī patrakāritā | ||
| 260 |
_aनई दिल्ली: _bस्वराज प्रकाशन भारत, _c2015. |
||
| 300 |
_a227पृ0 _ccm. |
||
| 650 |
_aपत्रकारिता _9857102 |
||
| 942 |
_h40aO152 152Q5 _cTB _2CC _n0 |
||
| 999 |
_c1022254 _d1022254 |
||